Statistiken für 20 beliebte Weissweinsorten aus Österreich

Klicken Sie hier um das Quiz zu spielen!

Allgemein

  • Dieses Quiz wurde 73 mal gespielt
    (71 seit der letzten Aktualisierung)
  • Das Durchschnittsergebnis liegt bei 7 aus 20

Antwortstatistiken

Anbaufläche in % der gesmten WeissweinproduktionWeinsorte% Korrekt
47%Grüner Veltliner
90%
7%Riesling
77%
5%Chardonnay
58%
6%Weissburgunder
58%
1%Muskat Ottonel
55%
<1%Roter Veltliner
48%
3%Muskateller
45%
11%Welschriesling
45%
1%Frühroter Veltliner
43%
<1%Traminer
30%
2%Gemischter Satz
28%
<1%Pinot Gris
20%
6%Müller Thurgau
15%
<1%Rotgipfler
13%
2%Neuburger
7%
1%Scheurebe
5%
<1%Sylvaner
5%
<1%Zierfanler
5%
4%Savignon Blanc
3%
<1%Bouvier
2%

Verteilung der Resultate

Perzentil nach korrekt beantworteten Fragen

Anzahl Personen mit jedem Resultat

Ihre Resultats-Entwicklung

Sie haben dieses Quiz seit der letzten Aktualisierung nicht gespielt